[Event "Bad Woerishofen Sen"]
[Site "Bad Woerishofen"]
[Date "2001.??.??"]
[Round "1"]
[White "Schmid, Hermann"]
[Black "Zieroth, Gert"]
[Result "1-0"]
[WhiteElo "2171"]
[BlackElo "1740"]
[Annotator "ChessOrg"]
[PlyCount "87"]
[EventDate "1998.03.05"]
[Source "ChessBase"]
[SourceDate "1998.04.29"]

1. d4 d5 2. Nf3 Nf6 3. e3 e6 4. Bd3 Be7 5. Nbd2 a6 6. O-O O-O 7. Re1 b5 8. Ne5
Bb7 9. f4 c5 10. c3 c4 11. Bc2 Nc6 12. Qf3 Nxe5 13. fxe5 Nd7 14. Qh3 g6 15. Nf3
Bc8 16. e4 f5 17. exf6 Nxf6 18. e5 Nh5 19. Bh6 Rf7 20. Qg4 Ng7 21. Ng5 Bxg5 22.
Bxg5 Qe8 23. Bf6 Nh5 24. Bxg6 hxg6 25. Qxg6+ Ng7 26. Re3 Rxf6 27. Qxf6 Ra7 28.
Rh3 Rf7 29. Qh6 Kf8 30. Qg5 Kg8 31. Rf1 Rf5 32. Qh6 Rh5 33. Rxh5 Qxh5 34. Qf6
Qe8 35. g4 Bd7 36. h4 Kh7 37. h5 Qg8 38. Kh2 Qe8 39. h6 Nh5 40. gxh5 Qxh5+ 41.
Kg3 Qxh6 42. Qxh6+ Kxh6 43. Rf7 Bc8 44. Rc7 1-0

[Event "Bad Woerishofen Sen"]
[Site "Bad Woerishofen"]
[Date "2001.??.??"]
[Round "3"]
[White "Schmid, Hermann"]
[Black "Peters, Paul"]
[Result "1-0"]
[WhiteElo "2171"]
[BlackElo "1950"]
[Annotator "ChessOrg"]
[PlyCount "123"]
[EventDate "1998.03.05"]
[Source "ChessBase"]
[SourceDate "1998.04.29"]

1. d4 Nf6 2. Nf3 e6 3. e3 c5 4. Bd3 b6 5. c3 Ba6 6. O-O Bxd3 7. Qxd3 d5 8. Nbd2
cxd4 9. exd4 Be7 10. Ne5 O-O 11. Re1 Qc7 12. Nf1 Bd6 13. Ng3 Nbd7 14. Qe2 Rfe8
15. Bg5 Bf8 16. Rad1 Rac8 17. Bxf6 Nxf6 18. Rd3 Bd6 19. Rf3 Bxe5 20. dxe5 Nd7
21. Nh5 Qc4 22. Qe3 Qh4 23. Rh3 Qe4 24. Qd2 Qf5 25. Ng3 Qg6 26. f4 Nc5 27. Ne2
Ne4 28. Qe3 Rc4 29. Nd4 a6 30. Kh1 Rec8 31. Rf3 Qh6 32. Ref1 g6 33. Rh3 Qg7 34.
g4 b5 35. a3 Kh8 36. Nf3 a5 37. f5 gxf5 38. gxf5 Rg8 39. Rg1 Qf8 40. fxe6 fxe6
41. Rxg8+ Qxg8 42. Nd4 Qg6 43. Qg1 Qf7 44. Rf3 Qg7 45. Nxe6 Qxg1+ 46. Kxg1 Rc8
47. Rf8+ Rxf8 48. Nxf8 b4 49. axb4 axb4 50. cxb4 Kg8 51. Ne6 Kf7 52. Nd4 Ke7
53. Kg2 Ng5 54. Kg3 Ne6 55. Nxe6 Kxe6 56. Kf4 d4 57. Ke4 d3 58. Kxd3 Kxe5 59.
Kc4 Kd6 60. Kb5 Kc7 61. Ka6 Kb8 62. Kb6 1-0

[Event "Bad Woerishofen Sen"]
[Site "Bad Woerishofen"]
[Date "2001.??.??"]
[Round "4"]
[White "Schmid, Hermann"]
[Black "Fahnenschmidt, Gerhard"]
[Result "1-0"]
[WhiteElo "2171"]
[BlackElo "2270"]
[Annotator "ChessOrg"]
[PlyCount "111"]
[EventDate "1998.03.05"]
[Source "ChessBase"]
[SourceDate "1998.04.29"]

1. d4 Nf6 2. Nf3 c5 3. e3 d5 4. c3 Nbd7 5. Bd3 g6 6. Nbd2 Bg7 7. O-O O-O 8. Re1
b6 9. b3 Bb7 10. Bb2 Qc7 11. c4 cxd4 12. exd4 Rfe8 13. Rc1 dxc4 14. Rxc4 Qd6
15. Qe2 Ba6 16. Ra4 Bxd3 17. Qxd3 Nc5 18. Qc2 Nxa4 19. bxa4 Rac8 20. Qb3 Qd5
21. Qa3 Rc2 22. Nf1 Ng4 23. h3 Nxf2 24. Ne3 Nxh3+ 25. gxh3 Qxf3 26. Nxc2 Qf5
27. Qb3 Rc8 28. Re2 e6 29. Rf2 Qe4 30. Qe3 Qd5 31. Nb4 Qh5 32. Qf3 Qg5+ 33. Kh1
f5 34. Re2 Rc1+ 35. Bxc1 Qxc1+ 36. Kg2 Bxd4 37. Qf1 Qg5+ 38. Kh1 f4 39. Re4 Be3
40. Nc6 f3 41. Rg4 Qf6 42. Rg3 g5 43. Qxf3 Bf4 44. Rg1 Kg7 45. Nxa7 Kh6 46. Nb5
Qb2 47. Qg2 Qb4 48. Nc7 Qc4 49. Ne8 Qxa4 50. Nf6 Qd4 51. Ne4 Qe3 52. h4 g4 53.
Nf2 Qd4 54. Nxg4+ Kh5 55. Qf3 Kxh4 56. Nf2 1-0

[Event "Bad Woerishofen Sen"]
[Site "Bad Woerishofen"]
[Date "2001.??.??"]
[Round "6"]
[White "Schmid, Hermann"]
[Black "Keserovic, Milan"]
[Result "0-1"]
[WhiteElo "2171"]
[BlackElo "2204"]
[Annotator "ChessOrg"]
[PlyCount "64"]
[EventDate "1998.03.05"]
[Source "ChessBase"]
[SourceDate "1998.04.29"]

1. d4 Nf6 2. Nf3 c5 3. e3 d5 4. c3 Nc6 5. Nbd2 Bf5 6. dxc5 e5 7. Bb5 Qc7 8. b4
Be7 9. Bb2 O-O 10. h3 Rad8 11. O-O Ne4 12. Qe2 Bf6 13. Rfd1 Rfe8 14. Nxe4 Bxe4
15. Ne1 Bf5 16. c4 d4 17. e4 Be6 18. Rac1 Bg5 19. Rc2 Nxb4 20. Bxe8 Rxe8 21.
Nd3 Nxc2 22. Qxc2 f5 23. f3 fxe4 24. fxe4 Bf7 25. Ba3 Bg6 26. Qa4 Re6 27. Re1
Be3+ 28. Nf2 Bxe4 29. Rxe3 Bc6 30. Qb3 dxe3 31. Qxe3 Qf7 32. Qe2 Rg6 0-1

[Event "Bad Woerishofen Sen"]
[Site "Bad Woerishofen"]
[Date "2001.??.??"]
[Round "8"]
[White "Schmid, Hermann"]
[Black "Kasueschke, Gregor"]
[Result "1-0"]
[WhiteElo "2171"]
[BlackElo "2030"]
[Annotator "ChessOrg"]
[PlyCount "44"]
[EventDate "1998.03.05"]
[Source "ChessBase"]
[SourceDate "1998.04.29"]

1. d4 d5 2. Nf3 c6 3. c4 Nf6 4. Nc3 dxc4 5. a4 Bg4 6. Ne5 Bh5 7. f3 e6 8. Nxc4
Bb4 9. e3 O-O 10. Qb3 a5 11. Be2 Nbd7 12. O-O c5 13. Rd1 cxd4 14. exd4 h6 15.
Be3 Bg6 16. Ne5 Bh7 17. Nd3 Nd5 18. Nxd5 exd5 19. Nxb4 axb4 20. Bb5 Nb6 21. Bd2
Qf6 22. Bxb4 Rac8 1-0

[Event "Bad Woerishofen Sen"]
[Site "Bad Woerishofen"]
[Date "2001.??.??"]
[Round "2"]
[White "Schneider, Miloca"]
[Black "Wicklund-Hansen, Richard"]
[Result "1/2-1/2"]
[WhiteElo "1723"]
[BlackElo "2058"]
[Annotator "ChessOrg"]
[PlyCount "87"]
[EventDate "1998.03.05"]
[Source "ChessBase"]
[SourceDate "1998.04.29"]

1. d4 Nc6 2. Nf3 d5 3. Bf4 Bg4 4. e3 e6 5. Nbd2 Bd6 6. Bxd6 Qxd6 7. c3 Nf6 8.
Bd3 e5 9. dxe5 Nxe5 10. Be2 h5 11. Nxe5 Qxe5 12. Nf3 Qd6 13. Qc2 O-O-O 14. h3
Bd7 15. O-O-O Ne4 16. Bd3 Nc5 17. Bf5 Qa6 18. Rxd5 Ne6 19. b3 g6 20. Bd3 Qa3+
21. Qb2 Qe7 22. Be2 Rhe8 23. Ne5 Nc5 24. Nxd7 Nxd7 25. Rhd1 f5 26. g3 Nc5 27.
b4 Rxd5 28. Rxd5 Ne4 29. Bf3 Nxg3 30. c4 Ne4 31. Bg2 c6 32. Rd4 c5 33. bxc5
Nxc5 34. Bd5 Ne6 35. Rd3 Nc5 36. Rd4 b6 37. Qb5 Nb7 38. Bxb7+ Kb8 39. Bd5 Rc8
40. Qa6 Rc5 41. e4 Qc7 42. Kb2 Ra5 43. Qb7+ Qxb7 44. Bxb7 1/2-1/2

[Event "Bad Woerishofen Sen"]
[Site "Bad Woerishofen"]
[Date "2001.??.??"]
[Round "3"]
[White "Schneider, Miloca"]
[Black "Potthammel, Joerg"]
[Result "1/2-1/2"]
[WhiteElo "1723"]
[BlackElo "2094"]
[Annotator "ChessOrg"]
[PlyCount "111"]
[EventDate "1998.03.05"]
[Source "ChessBase"]
[SourceDate "1998.04.29"]

1. d4 Nf6 2. c4 g6 3. Nc3 d5 4. cxd5 Nxd5 5. e4 Nxc3 6. bxc3 c5 7. Be3 Bg7 8.
Rb1 O-O 9. Be2 Nc6 10. Nf3 Bg4 11. Rxb7 Bxf3 12. Bxf3 cxd4 13. cxd4 Nxd4 14.
Bxd4 Bxd4 15. O-O e5 16. Qb3 Rb8 17. Be2 Rxb7 18. Qxb7 Qc8 19. Qxc8 Rxc8 20.
Bd1 f5 21. Bb3+ Kg7 22. exf5 gxf5 23. Rd1 Kf6 24. Kf1 f4 25. Ke2 Rc3 26. Rd2 h6
27. Rc2 e4 28. f3 exf3+ 29. gxf3 Re3+ 30. Kd2 Rxf3 31. Rc6+ Kg5 32. h4+ Kxh4
33. Rxh6+ Kg5 34. Rh2 Rg3 35. Bc4 f3 36. Kd3 Rg4 37. Rh1 Bg1 38. Bb5 Rd4+ 39.
Kc3 Rg4 40. Bf1 Kf4 41. Rh7 Kg3 42. Rf7 Bb6 43. Rd7 Ra4 44. Bc4 Be3 45. Rg7+
Kf2 46. Rb7 Bb6 47. Rd7 Ra5 48. Re7 Rh5 49. Kd3 Rh1 50. Bb3 Re1 51. Rg7 Re3+
52. Kd2 Ba5+ 53. Kd1 Rd3+ 54. Kc2 Rc3+ 55. Kd1 Bc7 56. Kd2 1/2-1/2

[Event "Bad Woerishofen Sen"]
[Site "Bad Woerishofen"]
[Date "2001.??.??"]
[Round "5"]
[White "Schneider, Miloca"]
[Black "Michalowski, Richard"]
[Result "1/2-1/2"]
[WhiteElo "1723"]
[BlackElo "1616"]
[Annotator "ChessOrg"]
[PlyCount "44"]
[EventDate "1998.03.05"]
[Source "ChessBase"]
[SourceDate "1998.04.29"]

1. d4 Nf6 2. c4 e6 3. Bg5 Be7 4. Nf3 b6 5. e3 Bb7 6. Nc3 d5 7. Rc1 O-O 8. Bd3
Nbd7 9. O-O c5 10. Qe2 Ne4 11. Bxe7 Qxe7 12. cxd5 exd5 13. Rfe1 Rac8 14. Ba6
Ndf6 15. Ne5 c4 16. Bxb7 Qxb7 17. Nxe4 Nxe4 18. f3 Nd6 19. e4 Rfe8 20. exd5 f6
21. Qd2 Qxd5 22. Ng4 Nf5 1/2-1/2

[Event "Bad Woerishofen Sen"]
[Site "Bad Woerishofen"]
[Date "2001.??.??"]
[Round "7"]
[White "Schneider, Miloca"]
[Black "Czeitschner, Roland"]
[Result "0-1"]
[WhiteElo "1723"]
[BlackElo "1808"]
[Annotator "ChessOrg"]
[PlyCount "66"]
[EventDate "1998.03.05"]
[Source "ChessBase"]
[SourceDate "1998.04.29"]

1. d4 Nf6 2. c4 g6 3. Nc3 d5 4. cxd5 Nxd5 5. e4 Nxc3 6. bxc3 Bg7 7. Bc4 c5 8.
Ne2 Nc6 9. Be3 cxd4 10. cxd4 Qa5+ 11. Qd2 O-O 12. Qxa5 Nxa5 13. Bd3 Rd8 14. O-O
Nc6 15. Bc4 Nxd4 16. Nxd4 Bxd4 17. Rad1 e5 18. Bd5 Bxe3 19. fxe3 Be6 20. Bxb7
Rxd1 21. Rxd1 Rb8 22. Bd5 Bxd5 23. Rxd5 Rb1+ 24. Kf2 Rb2+ 25. Kf3 Rxa2 26. Rxe5
Kf8 27. h4 h5 28. g4 hxg4+ 29. Kxg4 a5 30. Rc5 a4 31. e5 a3 32. Rc4 Ra1 33. Ra4
a2 0-1

[Event "Bad Woerishofen Sen"]
[Site "Bad Woerishofen"]
[Date "2001.??.??"]
[Round "1"]
[White "Schratzenstaller, Andreas"]
[Black "Zoltek, Tadeusz"]
[Result "0-1"]
[WhiteElo "1756"]
[BlackElo "2304"]
[Annotator "ChessOrg"]
[PlyCount "76"]
[EventDate "1998.03.05"]
[Source "ChessBase"]
[SourceDate "1998.04.29"]

1. c4 e6 2. Nc3 d5 3. e3 Nf6 4. d4 c6 5. Nf3 Nbd7 6. b3 Bd6 7. Bd3 O-O 8. O-O
dxc4 9. Bxc4 e5 10. Qc2 h6 11. h3 Qe7 12. Bd3 Re8 13. Nd2 Nb6 14. Nce4 exd4 15.
exd4 Bb8 16. Bb2 Nbd5 17. Rae1 Be6 18. Ng3 Qd7 19. Nde4 Nxe4 20. Bxe4 Bc7 21.
Bf3 Nf6 22. Rd1 Bd5 23. Bxd5 Nxd5 24. Rde1 Bxg3 25. fxg3 Ne3 26. Qf2 Nxf1 27.
Rxf1 Qd5 28. Re1 Rxe1+ 29. Qxe1 Qe6 30. Qc3 Re8 31. Kh2 Qe1 32. Qc5 Re2 33. Qf5
Qf2 34. Qxf2 Rxf2 35. Ba3 Rxa2 36. Bd6 Rd2 37. Bb8 Rxd4 38. Bxa7 Rb4 0-1

[Event "Bad Woerishofen Sen"]
[Site "Bad Woerishofen"]
[Date "2001.??.??"]
[Round "3"]
[White "Schratzenstaller, Andreas"]
[Black "Gebert, Herbert"]
[Result "1-0"]
[WhiteElo "1756"]
[BlackElo "1638"]
[Annotator "ChessOrg"]
[PlyCount "107"]
[EventDate "1998.03.05"]
[Source "ChessBase"]
[SourceDate "1998.04.29"]

1. c4 Nf6 2. Nc3 d5 3. cxd5 Nxd5 4. g3 Nxc3 5. bxc3 e5 6. Bg2 c6 7. d3 Bc5 8.
Nf3 Nd7 9. O-O O-O 10. Qc2 Re8 11. Rd1 Bb6 12. d4 exd4 13. cxd4 Nf6 14. Bg5 h6
15. Bxf6 Qxf6 16. h3 Bf5 17. Qd2 Rad8 18. e3 Be4 19. Ne1 Bxg2 20. Kxg2 Rd5 21.
Nd3 Qf5 22. f3 Qg5 23. Nf4 Rd7 24. Qc3 Qe7 25. e4 Qd8 26. d5 Bc7 27. Nh5 Be5
28. Qc1 Bxa1 29. Qxa1 Qg5 30. Nf4 Qe5 31. Qb1 c5 32. Qb5 Qd6 33. Nd3 Rc8 34.
Nb2 a6 35. Qe2 b5 36. e5 Re8 37. f4 g5 38. Qg4 Qe7 39. fxg5 hxg5 40. d6 Qe6 41.
Qxg5+ Qg6 42. Qxg6+ fxg6 43. Nd3 Rc8 44. Nf4 g5 45. Nh5 Kf7 46. Nf6 Ke6 47.
Nxd7 Kxd7 48. Kf3 c4 49. Ke4 c3 50. Kd5 Re8 51. Rf1 b4 52. e6+ Kd8 53. d7 Rh8
54. Kd6 1-0

[Event "Bad Woerishofen Sen"]
[Site "Bad Woerishofen"]
[Date "2001.??.??"]
[Round "5"]
[White "Schratzenstaller, Andreas"]
[Black "Bierbach, Utz"]
[Result "1/2-1/2"]
[WhiteElo "1756"]
[BlackElo "2055"]
[Annotator "ChessOrg"]
[PlyCount "106"]
[EventDate "1998.03.05"]
[Source "ChessBase"]
[SourceDate "1998.04.29"]

1. c4 g6 2. Nc3 Bg7 3. Nf3 d6 4. g3 c6 5. Bg2 Nf6 6. O-O O-O 7. d4 Nbd7 8. Bg5
h6 9. Bd2 Re8 10. Qc2 Nb6 11. b3 Bf5 12. Qc1 Kh7 13. Nh4 Bd7 14. Qc2 e5 15.
dxe5 dxe5 16. Rad1 Qe7 17. e4 Bg4 18. f3 Be6 19. Rfe1 Rad8 20. Bf1 Rd7 21. Be3
Red8 22. Qf2 Qb4 23. Rxd7 Rxd7 24. Rc1 Qa3 25. Rc2 Bf8 26. Ng2 Nc8 27. Ne1 g5
28. Nd3 Qa5 29. c5 Qc7 30. g4 Ne7 31. h4 Nfg8 32. hxg5 Ng6 33. Qh2 Qd8 34. Nxe5
Nxe5 35. Qxe5 Bg7 36. g6+ Kh8 37. Qh5 Qf6 38. gxf7 Rxf7 39. f4 Rd7 40. g5 Qd8
41. f5 Bf7 42. g6 Be8 43. Bc4 Nf6 44. Qh4 Rd4 45. Bxh6 Rxc4 46. Bg5+ Kg8 47.
Bxf6 Bxf6 48. Qh7+ Kf8 49. bxc4 Bxc3 50. Rxc3 Qd4+ 51. Kg2 Qxc3 52. Qh6+ Kg8
53. Qh7+ Kf8 1/2-1/2

[Event "Bad Woerishofen Sen"]
[Site "Bad Woerishofen"]
[Date "2001.??.??"]
[Round "7"]
[White "Schratzenstaller, Andreas"]
[Black "Gestrich, Wolfgang"]
[Result "1-0"]
[WhiteElo "1756"]
[BlackElo "1594"]
[Annotator "ChessOrg"]
[PlyCount "73"]
[EventDate "1998.03.05"]
[Source "ChessBase"]
[SourceDate "1998.04.29"]

1. c4 e5 2. Nc3 f5 3. d3 c6 4. Nf3 d6 5. g3 Nf6 6. Bg2 Qc7 7. O-O h6 8. Nh4 Qf7
9. e3 g5 10. Nf3 Be6 11. b4 g4 12. Nh4 a6 13. f4 e4 14. dxe4 Bxc4 15. Rf2 fxe4
16. Nxe4 Nxe4 17. Bxe4 Rg8 18. Qc2 Qf6 19. Bb2 Qe6 20. Bf5 Qd5 21. Rd1 Qb5 22.
Qe4+ Kd8 23. Bf6+ Kc7 24. Qe8 Kb6 25. Bd4+ c5 26. bxc5+ dxc5 27. Rb2 cxd4 28.
Rxb5+ Bxb5 29. Qe6+ Nc6 30. Qxg8 dxe3 31. Qxg4 e2 32. Rb1 Re8 33. Nf3 Bc5+ 34.
Kg2 Nd4 35. Rxb5+ axb5 36. Qg6+ Ka5 37. Qxe8 1-0

[Event "Bad Woerishofen Sen"]
[Site "Bad Woerishofen"]
[Date "2001.??.??"]
[Round "9"]
[White "Schratzenstaller, Andreas"]
[Black "Budde, Reinhard"]
[Result "1/2-1/2"]
[WhiteElo "1756"]
[BlackElo "1688"]
[Annotator "ChessOrg"]
[PlyCount "104"]
[EventDate "1998.03.05"]
[Source "ChessBase"]
[SourceDate "1998.04.29"]

1. c4 Nf6 2. Nc3 g6 3. g3 Bg7 4. Bg2 O-O 5. Nf3 d6 6. O-O c6 7. d4 Nbd7 8. b3
Re8 9. Bb2 a6 10. Re1 Rb8 11. e4 e5 12. dxe5 dxe5 13. Re2 Qc7 14. Rd2 Nc5 15.
Qe1 Bh6 16. Rdd1 Bg4 17. h3 Bxf3 18. Bxf3 Rbd8 19. b4 Nd3 20. Qe2 Nxb2 21. Qxb2
Bg7 22. Ne2 Qc8 23. Bg2 Qe6 24. Qc2 Nd7 25. c5 Nf6 26. a3 Qe7 27. h4 h5 28. f3
Qc7 29. Bh3 b6 30. Kg2 bxc5 31. Qxc5 Bf8 32. Qc4 Qb6 33. Qc3 c5 34. Qe3 Qb5 35.
Nc3 Qc4 36. Rac1 Qb3 37. Rb1 Qc2+ 38. Kh1 cxb4 39. axb4 Bxb4 40. Nd5 Nxd5 41.
exd5 a5 42. Rbc1 Qa4 43. g4 Rc8 44. gxh5 Rxc1 45. Rxc1 Qa3 46. Qxa3 Bxa3 47.
Ra1 Bb4 48. hxg6 fxg6 49. Rg1 Kh7 50. Be6 Rf8 51. Kg2 a4 52. Rb1 Rf4 1/2-1/2

[Event "Bad Woerishofen Sen"]
[Site "Bad Woerishofen"]
[Date "2001.??.??"]
[Round "1"]
[White "Schumacher, Horst"]
[Black "Ziltener, Werner"]
[Result "0-1"]
[WhiteElo "1687"]
[BlackElo "2049"]
[Annotator "ChessOrg"]
[PlyCount "42"]
[EventDate "1998.03.05"]
[Source "ChessBase"]
[SourceDate "1998.04.29"]

1. d4 Nf6 2. Nc3 d5 3. e4 dxe4 4. f3 exf3 5. Nxf3 c6 6. Bc4 e6 7. O-O Be7 8.
Qe1 Nbd7 9. Bg5 Nb6 10. Bd3 Nbd5 11. a3 h6 12. Qh4 Nxc3 13. bxc3 Nd5 14. Ne5
Bxg5 15. Qh5 O-O 16. Nxf7 Qe7 17. Qg6 Nf6 18. Ne5 Kh8 19. Rxf6 gxf6 20. Rf1 f5
21. h4 Be3+ 0-1

[Event "Bad Woerishofen Sen"]
[Site "Bad Woerishofen"]
[Date "2001.??.??"]
[Round "3"]
[White "Schumacher, Horst"]
[Black "Girod, Gudrun"]
[Result "1-0"]
[WhiteElo "1687"]
[BlackElo "1385"]
[Annotator "ChessOrg"]
[PlyCount "85"]
[EventDate "1998.03.05"]
[Source "ChessBase"]
[SourceDate "1998.04.29"]

1. d4 d5 2. e4 e6 3. Be3 dxe4 4. Nd2 Nf6 5. f3 Nd5 6. Qe2 Nxe3 7. Qxe3 Nc6 8.
c3 Be7 9. fxe4 Bg5 10. Qf2 Bxd2+ 11. Kxd2 O-O 12. Nf3 Ne7 13. e5 Ng6 14. Qg3 f6
15. Bd3 f5 16. h4 Ne7 17. Kc2 Nd5 18. Rae1 c6 19. Ng5 h6 20. Nh3 Qa5 21. h5 Bd7
22. Kb1 c5 23. dxc5 Rac8 24. Bc4 Qxc5 25. Bxd5 Qxd5 26. Rd1 Qb5 27. Rhe1 Rcd8
28. Nf4 Rf7 29. Nxe6 Rc8 30. Nd4 f4 31. Nxb5 fxg3 32. e6 Bxb5 33. exf7+ Kxf7
34. Re3 Bc6 35. Rf1+ Kg8 36. Rxg3 Rd8 37. Kc1 a5 38. Re1 Rf8 39. Re7 Rf7 40.
Rxf7 Kxf7 41. Kd2 b6 42. Ke3 Kf6 43. Rg6+ 1-0

[Event "Bad Woerishofen Sen"]
[Site "Bad Woerishofen"]
[Date "2001.??.??"]
[Round "5"]
[White "Schumacher, Horst"]
[Black "Fels, Karl-Heinz"]
[Result "0-1"]
[WhiteElo "1687"]
[BlackElo "1850"]
[Annotator "ChessOrg"]
[PlyCount "130"]
[EventDate "1998.03.05"]
[Source "ChessBase"]
[SourceDate "1998.04.29"]

1. d4 Nf6 2. Nc3 d5 3. e4 dxe4 4. f3 e6 5. Bg5 Bb4 6. a3 Bxc3+ 7. bxc3 h6 8.
Bh4 g5 9. Bf2 Qd5 10. Be2 Nc6 11. fxe4 Qxe4 12. Kf1 Bd7 13. Bd3 Qg4 14. Be2 Qf5
15. Bd3 Ne4 16. Qe1 Qxf2+ 17. Qxf2 Nxf2 18. Kxf2 f5 19. Re1 O-O 20. Nf3 Rae8
21. Re2 a6 22. Rhe1 Kg7 23. Ne5 Nxe5 24. Rxe5 Kf6 25. Bc4 b5 26. Bb3 c6 27. Ra1
Rc8 28. a4 c5 29. Rxc5 Rxc5 30. dxc5 Rc8 31. axb5 axb5 32. c4 bxc4 33. Bxc4
Rxc5 34. Bb3 h5 35. Rd1 Ke7 36. c4 Bc6 37. Ra1 Kf6 38. Ra7 Be4 39. g3 Bd3 40.
Ra4 Ke5 41. Ke3 Be4 42. Ra7 f4+ 43. gxf4+ gxf4+ 44. Kd2 Bf5 45. Rg7 h4 46. h3
Rc6 47. Rg5 Rd6+ 48. Ke2 Kf6 49. Rh5 Bxh3 50. Rxh4 f3+ 51. Ke3 Bf5 52. Ba4 Rd3+
53. Kf2 e5 54. c5 e4 55. Rh8 Ke5 56. c6 Rd2+ 57. Ke1 e3 58. Rh5 f2+ 59. Kf1 Ra2
60. Bb5 Ra1+ 61. Kg2 Kf4 62. Rxf5+ Kxf5 63. c7 Rc1 64. Bd7+ Ke4 65. c8=Q f1=Q+
0-1

[Event "Bad Woerishofen Sen"]
[Site "Bad Woerishofen"]
[Date "2001.??.??"]
[Round "7"]
[White "Schumacher, Horst"]
[Black "Antusch, Ingrid"]
[Result "1-0"]
[WhiteElo "1687"]
[BlackElo "1700"]
[Annotator "ChessOrg"]
[PlyCount "47"]
[EventDate "1998.03.05"]
[Source "ChessBase"]
[SourceDate "1998.04.29"]

1. d4 f5 2. e4 fxe4 3. Nc3 Nf6 4. f3 exf3 5. Nxf3 e6 6. Bd3 Bb4 7. O-O O-O 8.
Qe1 Bxc3 9. bxc3 b6 10. Qh4 h6 11. Bxh6 gxh6 12. Qxh6 Qe7 13. Ng5 Qg7 14. Qh4
Ba6 15. c4 Nc6 16. Rf3 Nb4 17. Rg3 Nh5 18. Nxe6 dxe6 19. Qxh5 Nxd3 20. cxd3 Rf7
21. Rxg7+ Rxg7 22. Re1 Rd8 23. Rxe6 Bc8 24. Re8+ 1-0

[Event "Bad Woerishofen Sen"]
[Site "Bad Woerishofen"]
[Date "2001.??.??"]
[Round "9"]
[White "Schumacher, Horst"]
[Black "Marzluf, Dieter"]
[Result "1/2-1/2"]
[WhiteElo "1687"]
[BlackElo "1811"]
[Annotator "ChessOrg"]
[PlyCount "49"]
[EventDate "1998.03.05"]
[Source "ChessBase"]
[SourceDate "1998.04.29"]

1. d4 e6 2. e4 d5 3. Be3 dxe4 4. Nd2 Nf6 5. f3 Nd5 6. Qe2 Nxe3 7. Qxe3 exf3 8.
Ngxf3 Be7 9. Bd3 Nd7 10. O-O Nf6 11. Ne5 O-O 12. c3 Bd6 13. Qh3 h6 14. Rf3 Nd5
15. Rg3 Qf6 16. Ne4 Qf4 17. Rf3 Bxe5 18. Rxf4 Bxf4 19. Qf3 e5 20. dxe5 Bxe5 21.
Re1 Re8 22. Qh5 Bd7 23. Rf1 Re7 24. g3 Rf8 25. Qh4 1/2-1/2

[Event "Bad Woerishofen Sen"]
[Site "Bad Woerishofen"]
[Date "2001.??.??"]
[Round "1"]
[White "Schumacher, Ursula"]
[Black "Homes, Helmut"]
[Result "1/2-1/2"]
[WhiteElo "1500"]
[BlackElo "1789"]
[Annotator "ChessOrg"]
[PlyCount "89"]
[EventDate "1998.03.05"]
[Source "ChessBase"]
[SourceDate "1998.04.29"]

1. c4 c5 2. Nc3 Nc6 3. Nf3 g6 4. g3 Bg7 5. Bg2 Nf6 6. a3 O-O 7. O-O e6 8. b3 d5
9. cxd5 exd5 10. Bb2 Re8 11. d3 Bg4 12. e3 d4 13. exd4 Nxd4 14. Rb1 Rb8 15. Ba1
Nd7 16. Ne4 Ne5 17. Bxd4 Nxf3+ 18. Bxf3 Bxf3 19. Qxf3 Bxd4 20. a4 b6 21. Rbc1
Kg7 22. h4 h6 23. Kg2 Re6 24. Rfe1 Qd7 25. Re2 Rbe8 26. Rce1 f5 27. Nd2 Bc3 28.
Rxe6 Rxe6 29. Re2 Rxe2 30. Qxe2 Bxd2 31. Qxd2 Qd5+ 32. f3 Qxb3 33. a5 bxa5 34.
Qxa5 Qb6 35. Qc3+ Kf7 36. Kf1 a5 37. Ke2 a4 38. Qc4+ Qe6+ 39. Kd2 Qxc4 40. dxc4
Ke6 41. f4 Kd6 42. Kc3 Kc6 43. Kb2 Kb6 44. Ka2 h5 45. Kb2 1/2-1/2

[Event "Bad Woerishofen Sen"]
[Site "Bad Woerishofen"]
[Date "2001.??.??"]
[Round "3"]
[White "Schumacher, Ursula"]
[Black "Eichinger, Adolf"]
[Result "1-0"]
[WhiteElo "1500"]
[BlackElo "1700"]
[Annotator "ChessOrg"]
[PlyCount "119"]
[EventDate "1998.03.05"]
[Source "ChessBase"]
[SourceDate "1998.04.29"]

1. c4 Nf6 2. Nc3 e6 3. Nf3 c6 4. g3 d5 5. cxd5 cxd5 6. d4 Nc6 7. Bg2 Be7 8. a3
O-O 9. b4 Nxb4 10. axb4 Bxb4 11. Qb3 a5 12. O-O b6 13. Ne5 Bb7 14. Ba3 Bxc3 15.
Qxc3 Rc8 16. Qd3 Re8 17. Rac1 Rxc1 18. Rxc1 Qa8 19. Rc7 Ba6 20. Qc2 Rc8 21. e3
Ne8 22. Rxc8 Qxc8 23. Qxc8 Bxc8 24. Bf1 f6 25. Nc6 Kf7 26. h4 h5 27. Be2 g6 28.
g4 hxg4 29. Bxg4 f5 30. Be2 Nc7 31. Bd6 Ba6 32. Bxc7 Bxe2 33. Bxb6 a4 34. Bc5
Ke8 35. Ne5 Bh5 36. f3 Kd8 37. Kf2 Kc7 38. Nd3 Kc6 39. Ba3 Kb5 40. Nc5 Kc4 41.
Ke2 Kb5 42. Nxe6 Kc4 43. Nc5 Kc3 44. Nxa4+ Kb3 45. Nb6 Kxa3 46. Nxd5 Ka4 47.
Nf4 Kb5 48. Nxh5 gxh5 49. Kd3 Kc6 50. e4 fxe4+ 51. fxe4 Kd6 52. e5+ Kd5 53. Ke3
Ke6 54. Ke4 Ke7 55. Kf5 Kf7 56. d5 Ke7 57. Kg5 Kf7 58. Kxh5 Ke7 59. Kg5 Kf8 60.
h5 1-0

[Event "Bad Woerishofen Sen"]
[Site "Bad Woerishofen"]
[Date "2001.??.??"]
[Round "5"]
[White "Schumacher, Ursula"]
[Black "Buchner, Matthias"]
[Result "0-1"]
[WhiteElo "1500"]
[BlackElo "1700"]
[Annotator "ChessOrg"]
[PlyCount "48"]
[EventDate "1998.03.05"]
[Source "ChessBase"]
[SourceDate "1998.04.29"]

1. c4 Nf6 2. Nc3 e6 3. Nf3 d5 4. cxd5 Nxd5 5. g3 Nc6 6. a3 a6 7. Bg2 Be7 8. O-O
O-O 9. d4 Rb8 10. e4 Nxc3 11. bxc3 b5 12. Rb1 Na5 13. Ne5 Bb7 14. Bd2 c5 15.
Bf4 Rc8 16. a4 cxd4 17. cxd4 f6 18. Ng4 Rc4 19. axb5 Rxd4 20. Qe2 axb5 21. Rxb5
Ba6 22. Qa2 Bxb5 23. Qxe6+ Kh8 24. Rc1 Rd1+ 0-1

[Event "Bad Woerishofen Sen"]
[Site "Bad Woerishofen"]
[Date "2001.??.??"]
[Round "8"]
[White "Schumacher, Ursula"]
[Black "Hennige, Anneliese"]
[Result "1-0"]
[WhiteElo "1500"]
[BlackElo "1700"]
[Annotator "ChessOrg"]
[PlyCount "71"]
[EventDate "1998.03.05"]
[Source "ChessBase"]
[SourceDate "1998.04.29"]

1. c4 e6 2. Nc3 Nf6 3. Nf3 Be7 4. g3 O-O 5. Bg2 c6 6. O-O d5 7. cxd5 exd5 8. d4
Bd6 9. Qc2 b5 10. Bg5 b4 11. Na4 Nbd7 12. Qxc6 Nb6 13. Nxb6 Rb8 14. Nxc8 Rxc8
15. Qa6 Qe7 16. Nh4 Rc7 17. Nf5 Qd7 18. Nxd6 Rc6 19. Qb5 Qxd6 20. Bxf6 gxf6 21.
Bxd5 Rb6 22. Qc4 Qe7 23. e3 Kg7 24. Rac1 Rbb8 25. Qe2 Qd6 26. Bg2 Rb6 27. b3
Re8 28. Qg4+ Kf8 29. Rc5 Rbb8 30. Rfc1 Qe6 31. Qf4 Rbc8 32. Bd5 Qe7 33. Rc7 Qd8
34. Rxf7+ Kg8 35. Rxc8 Qxc8 36. Rc7+ 1-0